Теория вычислительных систем. Вопросы автоматизации проектирования комплекса технических средств вычислительных систем. Ч. 2: учебное пособие

ग्रंथसूची विवरण
मुख्य लेखक: Али-Заде Д. З. Джаваншир Загидович
निगमित लेखक: Московский горный институт (МГИ)
अन्य लेखक: Баясанов Д. Б. Дилавар Белалович
भाषा:रूसी
प्रकाशित: Москва, Изд-во МГИ, 1984
विषय:
स्वरूप: पुस्तक
KOHA link:https://koha.lib.tpu.ru/cgi-bin/koha/opac-detail.pl?biblionumber=287314

MARC

LEADER 00000nam0a2200000 4500
001 287314
005 20231101235957.0
035 |a (RuTPU)RU\TPU\book\311705 
090 |a 287314 
100 |a 20150314d1984 m y0rusy5003 ca 
101 0 |a rus 
102 |a RU 
105 |a y j 001zy 
200 1 |a Теория вычислительных систем. Вопросы автоматизации проектирования комплекса технических средств вычислительных систем. Ч. 2  |e учебное пособие  |f Д. З. Али-Заде, Д. Б. Баясанов  |g Московский горный институт (МГИ) 
210 |a Москва  |c Изд-во МГИ  |d 1984 
215 |a 36 с. 
320 |a Библиогр.: с. 34 
606 |a Вычислительные системы  |x Проектирование  |x Автоматизация  |2 stltpush  |3 (RuTPU)RU\TPU\subj\4302  |9 32588 
610 1 |a комплекс технических средств 
610 1 |a ЭВМ 
610 1 |a автоматизированные системы 
610 1 |a построение 
610 1 |a структура 
610 1 |a связи 
610 1 |a исходные данные 
610 1 |a подсистемы 
610 1 |a текстовая документация 
610 1 |a графическая документация 
610 1 |a техническое обеспечение 
610 1 |a учебные пособия 
675 |a 681.3.001.63  |v 3 
700 1 |a Али-Заде  |b Д. З.  |g Джаваншир Загидович 
701 1 |a Баясанов  |b Д. Б.  |g Дилавар Белалович 
712 0 2 |a Московский горный институт (МГИ)  |c (1930-1962, 1966-1993)  |2 stltpush  |3 (RuTPU)RU\TPU\col\3944 
801 0 |a RU  |b RuMRKP  |c 19950704  |g psbo 
801 1 |a RU  |b 63413507  |c 20150314 
801 2 |a RU  |b 63413507  |c 20180115  |g RCR 
942 |c BK